Islam, belief and practices / (Record no. 20186)

MARC details
000 -LEADER
fixed length control field 00943pam a2200289 i 4500
001 - CONTROL NUMBER
control field 3228166
003 - CONTROL NUMBER IDENTIFIER
control field BDDh-ASL
005 - DATE AND TIME OF LATEST TRANSACTION
control field 20231015025845.0
008 - FIXED-LENGTH DATA ELEMENTS--GENERAL INFORMATION
fixed length control field 790827r19661951nyu b 001 0 eng
010 ## - LIBRARY OF CONGRESS CONTROL NUMBER
LC control number 79052566
020 ## - INTERNATIONAL STANDARD BOOK NUMBER
International Standard Book Number 0836992695
040 ## - CATALOGING SOURCE
Original cataloging agency DLC
Transcribing agency DLC
Modifying agency DLC
-- BDDh-ASL
050 10 - LIBRARY OF CONGRESS CALL NUMBER
Classification number BP161
Item number .T68 1980
082 00 - DEWEY DECIMAL CLASSIFICATION NUMBER
Classification number 297
Item number TRI
100 1# - MAIN ENTRY--PERSONAL NAME
Personal name Tritton, A. S.
Fuller form of name (Arthur Stanley),
Dates associated with a name 1881-1973.
245 10 - TITLE STATEMENT
Title Islam, belief and practices /
Statement of responsibility, etc. A.S. Tritton.
260 ## - PUBLICATION, DISTRIBUTION, ETC.
Place of publication, distribution, etc. New York :
Name of publisher, distributor, etc. Books for Libraries,
Date of publication, distribution, etc. 1966.
300 ## - PHYSICAL DESCRIPTION
Extent 200 p. ;
Dimensions 22 cm.
490 1# - SERIES STATEMENT
Series statement Islam
500 ## - GENERAL NOTE
General note Reprint of the ed. published by Hutchinson's University Library, London, New York, in series: Hutchinson's university library: world religions.
500 ## - GENERAL NOTE
General note Includes index.
504 ## - BIBLIOGRAPHY, ETC. NOTE
Bibliography, etc. note Bibliography: p. 191-192.
650 #0 - SUBJECT ADDED ENTRY--TOPICAL TERM
Topical term or geographic name entry element Islam.
830 #0 - SERIES ADDED ENTRY--UNIFORM TITLE
Uniform title Islam (New York, N.Y.)
906 ## - LOCAL DATA ELEMENT F, LDF (RLIN)
a 7
b cbc
c orignew
d 1
e ocip
f 19
g y-gencatlg
942 ## - ADDED ENTRY ELEMENTS (KOHA)
Source of classification or shelving scheme Dewey Decimal Classification
Koha item type Books
Holdings
Withdrawn status Lost status Source of classification or shelving scheme Damaged status Not for loan Collection code Home library Current library Shelving location Date acquired Source of acquisition Total Checkouts Full call number Barcode Date last seen Copy number Price effective from Koha item type
    Dewey Decimal Classification     Non-fiction Asiatic Society Library Asiatic Society Library General Stacks 12/27/2020 ASB Collection   297 TRI 103595 12/27/2020 C-1 12/27/2020 Books

Powered by Koha